Central Library, Doon University
WEBOPAC (ONLINE PUBLIC ACCESS CATALOGUE)

Molecular Biology of the Gene (Record no. 60315)

MARC details
000 -LEADER
fixed length control field 00555nam a22002177a 4500
005 - DATE & TIME
control field 20260210132025.0
008 - FIXED-LENGTH DATA ELEMENTS--GENERAL INFORMATION
fixed length control field 260210b |||||||| |||| 00| 0 eng d
020 ## - ISBN
International Standard Book Number 9788199209657
Price 1595.00
040 ## - CATALOGING SOURCE
Original cataloging agency Doon University
041 ## - Language
Language English
082 ## - DDC NUMBER
Classification number 572.8
Book Number WAT
100 ## - MAIN ENTRY--PERSONAL NAME
Personal name Watson, James D.
245 ## - TITLE STATEMENT
Title Molecular Biology of the Gene
250 ## - EDITION STATEMENT
Edition statement 9th
260 ## - PUBLICATION, DISTRIBUTION, ETC. (IMPRINT)
Place of publication, distribution, etc New Delhi
Name of publisher, distributor, etc CBS
Date of publication, distribution, etc 2026
300 ## - PHYSICAL DESCRIPTION
Pages 888
650 ## - Subject
Subject Biological Science
700 ## - Added Entry Personal Name
Added Entry Personal Name Yashpal, Madhu
700 ## - Added Entry Personal Name
Added Entry Personal Name Chatterjee, Debalina
942 ## - ADDED ENTRY ELEMENTS (KOHA)
Koha item type Books
100 ## - MAIN ENTRY--PERSONAL NAME
-- 26266
650 ## - Subject
-- 14046
700 ## - Added Entry Personal Name
-- 26267
700 ## - Added Entry Personal Name
-- 26268
952 ## - LOCATION AND ITEM INFORMATION (KOHA)
-- 2026-02-10
Holdings
Withdrawn status Lost status Source of classification or shelving scheme Damaged status Not for loan Location (home branch) Sublocation or collection (holding branch) Date acquired Koha issues (times borrowed) Koha full call number Accession No. Koha date last seen Koha item type
          Doon University Doon University 10.02.2026   572.8 WAT 52586 10.02.2026 Books
Contact : +91-135-2533126 (Library),+91-135-2533105 (Admin Office) , Email : doonlibrary@gmail.com

Powered by Koha